00397nam a2200121 a 450000500170000000800410001704100080005804400070006610000350007324500950010826000610020330000110026420140311165017.0140311b1996 ck ||||| |||| 00| 0 spa d aspa ack aGonzález L. de G., Francisco aReflexiones acerca de la relación entre los conceptos becosistema, cultura y desarrollo aBogotábIDEADEbPontificia Universidad Javerianac1996 a101 p.